| 000 | 00860nam a22003257a 4500 | ||
|---|---|---|---|
| 001 | BR0003076 | ||
| 003 | BR-BrBNA | ||
| 005 | 20230928100720.0 | ||
| 007 | ta | ||
| 008 | 230509b bl.||||| |||| 00| 0 por d | ||
| 040 |
_aBR-BrBNA _bpor _cBiblioteca Nacional de Agricultura |
||
| 041 | _a(Por) | ||
| 072 | _aE14 | ||
| 090 | _ E14 BR0003076 | ||
| 100 | 1 | _aGonczarowska, R.A. | |
| 100 | 1 | _aRamos, L.M. | |
| 100 | 1 | _aCobra, R.E.O. | |
| 100 | 1 | _aCruz, J.A.C. | |
| 100 | 1 | _aSa, N.S. | |
| 100 | 1 | _aNascimento, I.R. do | |
| 245 | 1 | _aPrograma de trabalho: gerencia de corretivos, fertilizantes e inoculantes | |
| 260 | 3 |
_aBrasilia, DF (Brasil): _c2000. |
|
| 300 | _a5 p. | ||
| 650 | _aCorretivo | ||
| 650 | _aFertilizante | ||
| 650 | _aInoculante | ||
| 650 | _aProjeto de Desenvolvimento | ||
| 909 |
_a202309 _bLucia _c55 _dLucia Elande |
||
| 942 | _cBK | ||
| 999 |
_c62463 _d62463 |
||